000 00509nam a2200205Ia 4500
003 BUBTL
008 151213s9999 xx 000 0 und d
020 _a978-81-312-1889-1
082 _a621.38456GAW
100 _aVijay K. Gary
245 _aWireless Communication & Networking
_cVijay K. Gary
260 _aNew Delhi
_bMongan Kaufmann
_c2008
300 _a7366 p.
650 _aE E E
650 _ascience
700 _aVijay K. Gary
856 _k0
_l0
_yDownload
942 _2ddc
_cBK
999 _c3914
_d3914